| 000 | 00690nam a2200241Ia 4500 | ||
|---|---|---|---|
| 008 | 180523s9999 xx 000 0 und d | ||
| 020 | _a974-8279-87-1 | ||
| 050 | _aMAIN RB 53 | ||
| 050 | _b.S77 2001 | ||
| 100 | _aStrasinger, Susan King. | ||
| 245 | 0 | _aUrinalysis and body fluids / | |
| 245 | 0 | _cSusan King Strasinger, Marjorie Schaub Di Lorenzo. | |
| 250 | _a4th Edition | ||
| 260 | _aPhiladelphia : | ||
| 260 | _bF. A. Davis Company, | ||
| 260 | _c2001 | ||
| 300 | _a259 pages : | ||
| 300 | _billustrations ; | ||
| 300 | _c28 cm. | ||
| 500 | _aIncludes bibliographical references and index. | ||
| 650 | _aUrinalysis -- Methods. | ||
| 650 | _xBody fluids -- Chemistry. | ||
| 999 |
_c357629 _d357629 |
||